| 000 | 00707nam a22002417a 4500 | ||
|---|---|---|---|
| 005 | 20170124105934.0 | ||
| 010 | _a148712 | ||
| 020 | _c00.00 | ||
| 035 | _a148712 | ||
| 037 | _bCen Lib/Ret | ||
| 040 |
_aDPL _bEN |
||
| 082 |
_a370.15 _bSOR |
||
| 100 |
_aSorenson, Herbert _991247 |
||
| 245 |
_aPsychology in education / _cby Herbert Sorenson |
||
| 250 | _a3rd ed | ||
| 260 |
_aNew York _bMc Graw-Hill Book Company _c1954 |
||
| 270 | _bNew York | ||
| 300 |
_aviii, 577p. _c22cm(Hb) |
||
| 500 | _aIncludes bibliographic references and index | ||
| 650 |
_aEducational psychology _991248 |
||
| 650 |
_aHuman physical growth and development _991249 |
||
| 942 |
_2ddc _cEN _h370.15 _mSOR |
||
| 999 |
_c124071 _d124071 |
||